| 000 | 01054cam a22002531i 4500 | ||
|---|---|---|---|
| 003 | SA-RiAUC | ||
| 005 | 20241023141859.0 | ||
| 008 | 241022s1999 su g b 000r0 ara c | ||
| 040 |
_aSA-RiAUC _bara _cSA-RiAUC _erda |
||
| 043 | _aa-su--- | ||
| 082 | 0 | 4 |
_a016.953121 _qSA-RiAUC |
| 090 |
_a016.953121 _bس ن ي |
||
| 100 | 1 |
_aالسنيدي، عبد العزيز بن راشد بن عبد الكريم، _d1382 هجري- _eمؤلف. |
|
| 245 | 1 | 0 |
_aمعجم ما ألف عن مكة / _cعبد العزيز بن راشد بن عبد الكريم السنيدي. |
| 250 | _aالطبعة الأولى. | ||
| 264 | 1 |
_aبريدة، السعودية : _bعبد العزيز بن راشد بن عبد الكريم السندي، _c[1999] |
|
| 300 |
_a585 صفحة ؛ _c24 سم |
||
| 336 |
_aنص _btxt _2rdacontent _3كتاب |
||
| 337 |
_aبدون وسيط _bn _2rdamedia |
||
| 338 |
_aمجلد _bnc _2rdacarrier |
||
| 651 | 7 |
_aمكة المكرمة _vببليوجرافيات _2aucsh |
|
| 942 |
_2ddc _cBOOK _n0 |
||
| 949 |
_aSA-JeALM _d241022 _umohamedma123 _n1 |
||
| 999 |
_c1638 _d1638 |
||